[Event "TUR Cup										"]
[Site "Antalya"]
[Date "2018.02.02"]
[Round "10"]
[White "Toy, Selim"]
[Black "Yamac, Ahmet"]
[Result "1/2-1/2"]
[WhiteElo "1442"]
[BlackElo "1651"]
[PlyCount "61"]
[EventDate "2018.01.27"]
[EventType "swiss"]
[EventRounds "11"]
[EventCountry "TUR"]
[SourceTitle "CBM 182 Extra"]
[Source "ChessBase"]
[SourceDate "2018.02.23"]
[SourceVersion "1"]
[SourceVersionDate "2018.02.23"]
[SourceQuality "1"]

1. e4 d5 2. exd5 Qxd5 3. Nc3 Qd8 4. d4 c6 5. Nf3 Bg4 6. Be2 e6 7. 0-0 Nf6 8. Re1 Be7 9. h3 Bxf3 10. Bxf3 0-0 11. Bg5 Nbd7 12. Qd2 Nd5 13. Bxe7 Nxe7 14. Ne4 Nb6 15. b3 Nf5 16. Rad1 h6 17. c4 Nh4 18. Re3 Nf5 19. Rd3 a5 20. Nc3 Ne7 21. d5 exd5 22. cxd5 cxd5 23. Nxd5 Nbxd5 24. Bxd5 Nxd5 25. Rxd5 Qb6 26. Qf4 Rad8 27. Rxd8 Rxd8 28. Rxd8+ Qxd8 29. Qf3 Qc7 30. a4 b6 31. Qe3 1/2-1/2

[Event "TUR Cup										"]
[Site "Antalya"]
[Date "2018.02.01"]
[Round "9"]
[White "Yamac, Ahmet"]
[Black "Balci, Mesut Taner"]
[Result "0-1"]
[WhiteElo "1651"]
[BlackElo "1344"]
[PlyCount "62"]
[EventDate "2018.01.27"]
[EventType "swiss"]
[EventRounds "11"]
[EventCountry "TUR"]
[SourceTitle "CBM 182 Extra"]
[Source "ChessBase"]
[SourceDate "2018.02.23"]
[SourceVersion "1"]
[SourceVersionDate "2018.02.23"]
[SourceQuality "1"]

1. c4 e6 2. d4 d5 3. e3 Nf6 4. Bd2 c5 5. dxc5 Bxc5 6. cxd5 Nxd5 7. Nf3 Nc6 8. a3 Bd7 9. Be2 Rc8 10. 0-0 Bd6 11. Nc3 Nf6 12. Rc1 a6 13. Re1 Qc7 14. g3 h5 15. Kg2 h4 16. Nxh4 Rxh4 17. gxh4 Ne5 18. f3 Bc6 19. Rh1 Ng6 20. Na2 Nxh4+ 21. Kf2 Bxh2 22. f4 Ne4+ 23. Ke1 Bg3+ 24. Kf1 Rd8 25. Rc2 Nxd2+ 26. Rxd2 Bxh1 27. Rxd8+ Qxd8 28. Qc2 Nf5 29. Qc3 Bc6 30. Nb4 Qh4 31. Bxa6 Qh2 0-1

[Event "TUR Cup										"]
[Site "Antalya"]
[Date "2018.01.30"]
[Round "5"]
[White "Yamac, Ahmet"]
[Black "Koca, Cisem"]
[Result "0-1"]
[WhiteElo "1651"]
[BlackElo "1463"]
[PlyCount "130"]
[EventDate "2018.01.27"]
[EventType "swiss"]
[EventRounds "11"]
[EventCountry "TUR"]
[SourceTitle "CBM 182 Extra"]
[Source "ChessBase"]
[SourceDate "2018.02.23"]
[SourceVersion "1"]
[SourceVersionDate "2018.02.23"]
[SourceQuality "1"]

1. d4 Nf6 2. c4 g6 3. Nc3 Bg7 4. e4 d6 5. f3 Nbd7 6. Be3 e5 7. d5 0-0 8. Bd3 Ne8 9. Nge2 f5 10. 0-0 f4 11. Bf2 g5 12. b4 h5 13. c5 Ndf6 14. a4 Nh7 15. Nc1 g4 16. Be2 Qg5 17. Qe1 Qg6 18. Nb3 Ng5 19. Kh1 Rf7 20. b5 Bf6 21. a5 Rh7 22. Bh4 Nf7 23. Bxf6 Nxf6 24. g3 fxg3 25. hxg3 gxf3 26. Bxf3 Bh3 27. Rg1 Ng5 28. Bg2 Bxg2+ 29. Kxg2 Ngxe4 30. Nxe4 Nxe4 31. Kh2 Rf8 32. Ra2 Ng5 33. Nd2 Qd3 34. b6 Qxd5 35. Rc2 axb6 36. cxb6 Qxd2+ 37. Qxd2 Nf3+ 38. Kg2 Nxd2 39. Rxd2 Rf6 40. Rc2 cxb6 41. axb6 Rhf7 42. Rd1 Kg7 43. Rc7 Kg6 44. Rxf7 Kxf7 45. Rc1 Ke6 46. Kh3 Rf7 47. Kh4 Kf5 48. Rc7 Kg6 49. Rc8 d5 50. Re8 Kf5 51. Rh8 Kg6 52. Rg8+ Kf6 53. Rh8 Kg6 54. Rg8+ Kf6 55. Rh8 d4 56. Rxh5 d3 57. Kg4 e4 58. Rd5 Ke6 59. Rd4 Ke5 60. Rd8 Rf6 61. Re8+ Kd4 62. Rd8+ Ke3 63. Kg5 Rxb6 64. Kf5 d2 65. g4 Rb1 0-1